[Event "SEA Rapid (Women) Team 31st"]
[Site "Ha Long"]
[Date "2022.05.19"]
[Round "5.1"]
[White "Frayna, Janelle Mae"]
[Black "Tan, Li Ting"]
[Result "1/2-1/2"]
[WhiteElo "2221"]
[BlackElo "2087"]
[PlyCount "77"]
[EventDate "2022.05.18"]
[EventType "team (rapid)"]
[EventRounds "5"]
[EventCountry "VIE"]
[SourceTitle "CBM 208 Extra"]
[Source "ChessBase"]
[SourceDate "2022.07.31"]
[SourceVersion "1"]
[SourceVersionDate "2022.07.31"]
[SourceQuality "1"]
[WhiteTeam "Philippines"]
[BlackTeam "Malaysia"]
[WhiteTeamCountry "PHI"]
[BlackTeamCountry "MAS"]

1. e4 e5 2. Nf3 Nc6 3. Nc3 Nf6 4. d4 exd4 5. Nxd4 Bb4 6. Nxc6 bxc6 7. Bd3 d5 8. exd5 cxd5 9. 0-0 0-0 10. h3 c6 11. Qf3 Bd6 12. Bf4 Be6 13. Rfd1 Bxf4 14. Qxf4 Qb8 15. Qxb8 Raxb8 16. b3 c5 17. Rab1 g6 18. Be2 d4 19. Na4 Rfc8 20. c3 c4 21. bxc4 Rxb1 22. Rxb1 Bd7 23. Bd1 Rxc4 24. Bb3 Rxa4 25. Bxa4 Bxa4 26. cxd4 Bc6 27. Rc1 Bd5 28. a4 Kf8 29. Rc7 a6 30. Ra7 Bc4 31. Rc7 Bd3 32. Rc3 Be4 33. f3 Bd5 34. Rc7 Ke8 35. Ra7 Bc4 36. Rc7 Bd5 37. Ra7 Bc4 38. Rc7 Bb3 39. Rc6 1/2-1/2

[Event "SEA Rapid (Women) Team 31st"]
[Site "Ha Long"]
[Date "2022.05.18"]
[Round "2.1"]
[White "Chuersakul, Sarocha"]
[Black "Tan, Li Ting"]
[Result "0-1"]
[WhiteElo "1641"]
[BlackElo "2087"]
[PlyCount "98"]
[EventDate "2022.05.18"]
[EventType "team (rapid)"]
[EventRounds "5"]
[EventCountry "VIE"]
[SourceTitle "CBM 208 Extra"]
[Source "ChessBase"]
[SourceDate "2022.07.31"]
[SourceVersion "1"]
[SourceVersionDate "2022.07.31"]
[SourceQuality "1"]
[WhiteTeam "Thailand"]
[BlackTeam "Malaysia"]
[WhiteTeamCountry "THA"]
[BlackTeamCountry "MAS"]

1. Nf3 d5 2. g3 c5 3. Bg2 Nf6 4. 0-0 Nc6 5. d4 e6 6. c4 dxc4 7. Qa4 Bd7 8. Qxc4 Qb6 9. dxc5 Bxc5 10. Nc3 Qb4 11. Qd3 Rd8 12. a3 Qa5 13. Bg5 Be7 14. b4 Qf5 15. e4 Qg6 16. Rad1 0-0 17. Qe2 e5 18. Bc1 Bg4 19. h3 Nd4 20. Qe3 Nxf3+ 21. Bxf3 Bxh3 22. Rfe1 b6 23. Bb2 h5 24. Nd5 Nxd5 25. exd5 f6 26. Qb3 Bd6 27. Kh1 Bg4 28. Qe3 Kf7 29. Kg2 Rh8 30. Be4 Bf5 31. Bxf5 Qxf5 32. Qe4 Qxe4+ 33. Rxe4 Rc8 34. Ba1 Rc2 35. Kf1 Rhc8 36. f4 exf4 37. gxf4 R8c4 38. Red4 Rxd4 39. Bxd4 Bxf4 40. Bf2 Bd6 41. Re1 Rd2 42. Rc1 Rxd5 43. Rc6 g5 44. Bxb6 axb6 45. Rxb6 h4 46. Kg2 g4 47. a4 h3+ 48. Kg1 Rd1+ 49. Kf2 h2 0-1

[Event "SEA Rapid (Women) Team 31st"]
[Site "Ha Long"]
[Date "2022.05.18"]
[Round "1.1"]
[White "Tan, Li Ting"]
[Black "Aulia, Medina Warda"]
[Result "0-1"]
[WhiteElo "2087"]
[BlackElo "2374"]
[PlyCount "142"]
[EventDate "2022.05.18"]
[EventType "team (rapid)"]
[EventRounds "5"]
[EventCountry "VIE"]
[SourceTitle "CBM 208 Extra"]
[Source "ChessBase"]
[SourceDate "2022.07.31"]
[SourceVersion "1"]
[SourceVersionDate "2022.07.31"]
[SourceQuality "1"]
[WhiteTeam "Malaysia"]
[BlackTeam "Indonesia"]
[WhiteTeamCountry "MAS"]
[BlackTeamCountry "INA"]

1. d4 e6 2. c4 Nf6 3. Nc3 Bb4 4. Qc2 d5 5. cxd5 exd5 6. Bg5 h6 7. Bxf6 Qxf6 8. a3 Bxc3+ 9. Qxc3 Nc6 10. e3 0-0 11. Nf3 Bf5 12. Bd3 Be4 13. Bxe4 dxe4 14. Nd2 Rfe8 15. 0-0 Rad8 16. f3 exf3 17. Rxf3 Qe6 18. Raf1 Re7 19. Nc4 Rd5 20. Rg3 Rg5 21. Rff3 Qd5 22. Nd2 a5 23. Qb3 Qxb3 24. Nxb3 Rb5 25. Nc5 Rxb2 26. Rf2 Rb1+ 27. Rf1 Rxf1+ 28. Kxf1 b6 29. Nd3 f6 30. Kf2 Kf7 31. Rf3 Ke6 32. Ke2 Kd5 33. Kd2 Nd8 34. Kc3 Ne6 35. Nf2 Ng5 36. Rf5+ Kd6 37. Kd3 Ke6 38. Rb5 f5 39. h4 Nf7 40. Nh3 Nd6 41. Rb1 Kd7 42. h5 Re4 43. Nf4 c5 44. dxc5 bxc5 45. Rb8 c4+ 46. Ke2 Kc6 47. Rg8 Re7 48. Kd2 Ne4+ 49. Kc2 Nd6 50. Kd2 Rb7 51. Ra8 Kb5 52. Nd5 Ne4+ 53. Kc2 Ka4 54. Rc8 Kxa3 55. Rxc4 Rb2+ 56. Kc1 Rxg2 57. Rc7 a4 58. Ra7 Kb3 59. Rb7+ Kc4 60. Nb6+ Kd3 61. Nxa4 Kxe3 62. Nb2 f4 63. Nd1+ Kf3 64. Rb5 Kg4 65. Re5 Nf6 66. Nc3 Nxh5 67. Nd5 g5 68. Kd1 Ng3 69. Nf6+ Kf3 70. Ra5 Rg1+ 71. Kd2 Ne4+ 0-1

[Event "SEA Games (Women) 31st"]
[Site "Ha Long"]
[Date "2022.05.15"]
[Round "9"]
[White "Tan, Li Ting"]
[Black "Hoang, Thi Bao Tram"]
[Result "0-1"]
[WhiteElo "2087"]
[BlackElo "2272"]
[PlyCount "58"]
[EventDate "2022.05.10"]
[EventType "tourn"]
[EventRounds "9"]
[EventCountry "VIE"]
[SourceTitle "CBM 208 Extra"]
[Source "ChessBase"]
[SourceDate "2022.07.31"]
[SourceVersion "1"]
[SourceVersionDate "2022.07.31"]
[SourceQuality "1"]

1. d4 Nf6 2. c4 g6 3. Nc3 d5 4. cxd5 Nxd5 5. Bd2 Bg7 6. e4 Nb6 7. Be3 0-0 8. h3 c6 9. Nf3 Be6 10. b3 f5 11. Ng5 Bc8 12. exf5 Bxf5 13. g4 Bc8 14. Rc1 Na6 15. Bc4+ Nxc4 16. bxc4 Nc7 17. h4 h6 18. Nge4 Be6 19. h5 g5 20. Ng3 Qd7 21. Nf5 Bxf5 22. gxf5 Qxf5 23. Qb3 Ne6 24. Ne2 Rad8 25. Rd1 Rd7 26. Ng3 Qg4 27. d5 Nd4 28. Qd3 Nf3+ 29. Kf1 Ne5 0-1

[Event "Asian University (Women)"]
[Site "Tornelo INT"]
[Date "2021.09.05"]
[Round "8"]
[White "Jing, Jiyu"]
[Black "Tan, Li Ting"]
[Result "0-1"]
[WhiteElo "1581"]
[BlackElo "2087"]
[PlyCount "122"]
[EventDate "2021.09.03"]
[EventType "swiss (rapid)"]
[EventRounds "9"]
[EventCountry "NET"]
[SourceTitle "CBM 204 Extra"]
[Source "ChessBase"]
[SourceDate "2021.11.30"]
[SourceVersion "1"]
[SourceVersionDate "2021.11.30"]
[SourceQuality "1"]

1. e4 e5 2. Nf3 Nc6 3. Bb5 a6 4. Ba4 Nf6 5. 0-0 b5 6. Bb3 Be7 7. Re1 0-0 8. c3 d6 9. h3 Nb8 10. d4 Nbd7 11. Nbd2 Bb7 12. Bc2 Re8 13. Nf1 Bf8 14. Ng3 h6 15. b3 c5 16. d5 g6 17. Nh2 Bg7 18. Qf3 Nf8 19. Nhf1 N8h7 20. Bd3 Bc8 21. a3 Bd7 22. Qe2 Qc7 23. Ne3 h5 24. c4 Reb8 25. cxb5 axb5 26. Bb2 h4 27. Ngf1 Nh5 28. Ng4 Nf4 29. Qf3 Ng5 30. Qd1 Qc8 31. Nfh2 f5 32. exf5 gxf5 33. Nxe5 dxe5 34. Bxe5 Bxe5 35. Rxe5 Nxd3 36. Qxd3 Qf8 37. Qe3 Qf6 38. Re1 Re8 39. f4 Ne4 40. Nf3 Kg7 41. Qc1 Qf7 42. Rd1 Qf6 43. Re1 Kf8 44. Rd1 Rac8 45. Qc2 c4 46. b4 c3 47. Kh2 Qg7 48. Kg1 Qh6 49. Rxe8+ Kxe8 50. Qe2 Qxf4 51. Nd4 Kd8 52. Rf1 Qd2 53. Qxd2 cxd2 54. Nf3 Rc3 55. Rd1 Rxa3 56. Kf1 Rd3 57. Ke2 Rxd5 58. Ke3 Ke7 59. Nxd2 Nxd2 60. Rxd2 Rxd2 61. Kxd2 Bc6 0-1

[Event "Asian University (Women)"]
[Site "Tornelo INT"]
[Date "2021.09.04"]
[Round "4"]
[White "Gholami Orimi, Anahita"]
[Black "Tan, Li Ting"]
[Result "1/2-1/2"]
[WhiteElo "1915"]
[BlackElo "2087"]
[PlyCount "95"]
[EventDate "2021.09.03"]
[EventType "swiss (rapid)"]
[EventRounds "9"]
[EventCountry "NET"]
[SourceTitle "CBM 204 Extra"]
[Source "ChessBase"]
[SourceDate "2021.11.30"]
[SourceVersion "1"]
[SourceVersionDate "2021.11.30"]
[SourceQuality "1"]

1. d4 Nf6 2. c4 e6 3. Nc3 d5 4. Nf3 Bb4 5. e3 0-0 6. a3 Bxc3+ 7. bxc3 b6 8. cxd5 exd5 9. Be2 Be6 10. 0-0 c5 11. Bb2 Nbd7 12. Rc1 c4 13. Nd2 Bf5 14. Re1 Re8 15. Bf1 b5 16. f3 Nb6 17. g3 Na4 18. Ba1 Qe7 19. Bg2 Qxa3 20. e4 Be6 21. f4 g6 22. Qc2 dxe4 23. Nxe4 Nxe4 24. Bxe4 Rab8 25. f5 Bd7 26. fxg6 hxg6 27. Bxg6 fxg6 28. Qxg6+ Kh8 29. Qh6+ Kg8 30. Qg6+ Kh8 31. Qh5+ Kg8 32. Qd5+ Kh8 33. Qxd7 Qf8 34. Rf1 Qh6 35. Rc2 Qe3+ 36. Rcf2 a6 37. Qh3+ Kg8 38. Qg4+ Kh8 39. Qh5+ Kg8 40. Kg2 Qe4+ 41. Kh3 Qe6+ 42. Rf5 Rb7 43. Qg4+ Rg7 44. Qf4 Rf7 45. Qg5+ Rg7 46. Qf4 Rf7 47. Qg5+ Rg7 48. Qf4 1/2-1/2

[Event "Asian University (Women)"]
[Site "Tornelo INT"]
[Date "2021.09.04"]
[Round "5"]
[White "Tan, Li Ting"]
[Black "Faruq, Afifa Ayyun"]
[Result "1-0"]
[WhiteElo "2087"]
[BlackElo "1806"]
[PlyCount "63"]
[EventDate "2021.09.03"]
[EventType "swiss (rapid)"]
[EventRounds "9"]
[EventCountry "NET"]
[SourceTitle "CBM 204 Extra"]
[Source "ChessBase"]
[SourceDate "2021.11.30"]
[SourceVersion "1"]
[SourceVersionDate "2021.11.30"]
[SourceQuality "1"]

1. d4 Nf6 2. c4 e6 3. Nf3 d5 4. Nc3 Bb4 5. Qc2 0-0 6. a3 Bxc3+ 7. Qxc3 Ne4 8. Qc2 Nd7 9. e3 b6 10. Bd3 Bb7 11. 0-0 c5 12. b3 Rc8 13. Bb2 f5 14. Ne5 Qe7 15. Nxd7 Qxd7 16. f3 Nd6 17. Qe2 b5 18. cxb5 c4 19. bxc4 dxc4 20. Bc2 Qxb5 21. Bc3 Qc6 22. a4 Rb8 23. Rfb1 Ba8 24. Bb4 Rfd8 25. Bc5 Rb7 26. Rxb7 Qxb7 27. Rb1 Qd5 28. Bxa7 e5 29. dxe5 Qxe5 30. Bd4 Qa5 31. Bb6 Qe5 32. Bxd8 1-0

[Event "Asia-ch Universities (Women)"]
[Site "Chess.com INT"]
[Date "2020.12.16"]
[Round "4"]
[White "Anisa, Aay Aisyah"]
[Black "Tan, Li Ting"]
[Result "1-0"]
[WhiteElo "1910"]
[BlackElo "1869"]
[PlyCount "65"]
[EventDate "2020.12.15"]
[EventType "swiss"]
[EventRounds "9"]
[EventCountry "IRI"]
[SourceTitle "EXT 2022"]
[Source "ChessBase"]
[SourceDate "2021.10.06"]
[SourceVersion "1"]
[SourceVersionDate "2021.10.06"]
[SourceQuality "1"]

1. e4 e5 2. Nf3 Nc6 3. d4 exd4 4. Nxd4 Nf6 5. Nc3 Bb4 6. Nxc6 bxc6 7. Bd3 d5 8. exd5 cxd5 9. 0-0 0-0 10. Bg5 c6 11. Qf3 Bd6 12. h3 Rb8 13. Rab1 Be6 14. b3 Re8 15. Ne2 h6 16. Bf4 c5 17. Rfd1 Bxf4 18. Nxf4 Qc7 19. c3 Rbd8 20. Rbc1 Qb6 21. Re1 a5 22. Rcd1 Rd6 23. g4 Red8 24. Nxe6 fxe6 25. h4 Nh7 26. Re5 Rf8 27. Bxh7+ Kxh7 28. Qxf8 Rd8 29. Qf7 Rd6 30. Rde1 Qd8 31. h5 Qh4 32. Qg6+ Kh8 33. Rxe6 1-0

[Event "FISU World University"]
[Site "Tornelo INT"]
[Date "2020.10.28"]
[Round "8.6"]
[White "Tan, Li Ting"]
[Black "Garcia Martin, Marta"]
[Result "0-1"]
[WhiteElo "2087"]
[BlackElo "2328"]
[PlyCount "122"]
[EventDate "2020.10.26"]
[EventType "team-swiss (rapid)"]
[EventRounds "9"]
[EventCountry "NET"]
[SourceTitle "CBM 199 Extra"]
[Source "ChessBase"]
[SourceDate "2021.01.31"]
[SourceVersion "1"]
[SourceVersionDate "2021.01.31"]
[SourceQuality "1"]
[WhiteTeam "Malaysia"]
[BlackTeam "Spain IV"]
[WhiteTeamCountry "MAS"]
[BlackTeamCountry "ESP"]

1. Nf3 Nf6 2. b3 b6 3. Bb2 Bb7 4. e3 e6 5. d4 d5 6. Bd3 Bd6 7. 0-0 0-0 8. Nbd2 c5 9. Qe2 Nc6 10. a3 Rc8 11. dxc5 Bxc5 12. e4 Re8 13. e5 Nd7 14. b4 Bf8 15. Nb3 g6 16. Nbd4 Nxd4 17. Nxd4 a5 18. c3 Bg7 19. f4 f6 20. Nf3 Qc7 21. Bb5 Bc6 22. Ba6 Rcd8 23. exf6 Bxf6 24. Bd3 Bb7 25. Bb5 Re7 26. Nd4 e5 27. fxe5 Bxe5 28. Qf3 Bxh2+ 29. Kh1 Ne5 30. Qh3 Bf4 31. Rxf4 Nd3 32. Bxd3 Qxf4 33. Qf3 Qh4+ 34. Qh3 Qxh3+ 35. gxh3 Re3 36. Bf1 Rde8 37. Kg1 Re1 38. Rxe1 Rxe1 39. Ne2 Ba6 40. Kf2 Rb1 41. bxa5 bxa5 42. c4 Rxb2 43. cxd5 Kf8 44. Ke3 Bxe2 45. Bxe2 Ke7 46. Bc4 Rh2 47. Kd4 Kd6 48. Bb5 Rxh3 49. a4 Rh4+ 50. Ke3 Kxd5 51. Kf3 Ke5 52. Kg3 Rd4 53. Kf3 h5 54. Kg3 g5 55. Kh3 Kf4 56. Kh2 g4 57. Kg2 h4 58. Kf2 g3+ 59. Kg2 Rd2+ 60. Kg1 h3 61. Bf1 Rd1 0-1

[Event "FISU World University"]
[Site "Tornelo INT"]
[Date "2020.10.28"]
[Round "7.5"]
[White "Tan, Li Ting"]
[Black "Sliwicka, Alicja"]
[Result "1-0"]
[WhiteElo "2087"]
[BlackElo "2311"]
[PlyCount "117"]
[EventDate "2020.10.26"]
[EventType "team-swiss (rapid)"]
[EventRounds "9"]
[EventCountry "NET"]
[SourceTitle "CBM 199 Extra"]
[Source "ChessBase"]
[SourceDate "2021.01.31"]
[SourceVersion "1"]
[SourceVersionDate "2021.01.31"]
[SourceQuality "1"]
[WhiteTeam "Malaysia"]
[BlackTeam "Poland II"]
[WhiteTeamCountry "MAS"]
[BlackTeamCountry "POL"]

1. Nf3 c5 2. e3 d5 3. b3 Nf6 4. Bb2 e6 5. d4 cxd4 6. exd4 Bd6 7. Bd3 0-0 8. 0-0 b6 9. Qe2 Nc6 10. a3 Ne7 11. Nbd2 Ng6 12. g3 Re8 13. Ne5 Bxe5 14. dxe5 Nd7 15. b4 f6 16. f4 fxe5 17. fxe5 Qg5 18. Nf3 Qh5 19. Qe3 Bb7 20. Bd4 Rac8 21. Rae1 Ne7 22. Ng5 Nf8 23. Nf7 Rb8 24. Nd6 Red8 25. Rf4 Nfg6 26. Rf2 Nc6 27. c3 Nxd4 28. cxd4 Bc6 29. Rc1 Be8 30. Be2 Qh3 31. Bf1 Qh5 32. Rfc2 Nf8 33. Rc7 Bg6 34. Rxa7 Ra8 35. Rxa8 Rxa8 36. Be2 Qh3 37. Rc6 h6 38. Rxb6 Nh7 39. Bf1 Qg4 40. Rc6 Ng5 41. Rc8+ Rxc8 42. Nxc8 Be4 43. Nd6 Nf3+ 44. Kf2 Nxh2 45. Be2 Qg6 46. Nxe4 dxe4 47. Qf4 h5 48. b5 Ng4+ 49. Bxg4 hxg4 50. a4 e3+ 51. Kxe3 Qc2 52. Qxg4 Qb3+ 53. Kf4 Kf7 54. Kg5 Qxa4 55. d5 Qxb5 56. Qxe6+ Kf8 57. Kg6 Qb7 58. Qd6+ Ke8 59. Qc6+ 1-0

[Event "FISU World University"]
[Site "Tornelo INT"]
[Date "2020.10.27"]
[Round "6.2"]
[White "Muthaiah, Al"]
[Black "Tan, Li Ting"]
[Result "1-0"]
[WhiteElo "2400"]
[BlackElo "2087"]
[PlyCount "105"]
[EventDate "2020.10.26"]
[EventType "team-swiss (rapid)"]
[EventRounds "9"]
[EventCountry "NET"]
[SourceTitle "CBM 199 Extra"]
[Source "ChessBase"]
[SourceDate "2021.01.31"]
[SourceVersion "1"]
[SourceVersionDate "2021.01.31"]
[SourceQuality "1"]
[WhiteTeam "India"]
[BlackTeam "Malaysia"]
[WhiteTeamCountry "IND"]
[BlackTeamCountry "MAS"]

1. Nf3 d5 2. g3 Nf6 3. Bg2 Nbd7 4. d4 c5 5. 0-0 e6 6. c4 Be7 7. Nc3 dxc4 8. Qa4 0-0 9. dxc5 Nxc5 10. Qxc4 a6 11. Rd1 Qe8 12. a4 b5 13. Qf4 Bb7 14. axb5 axb5 15. Rxa8 Bxa8 16. Be3 Nd5 17. Nxd5 Bxd5 18. Ne5 Bxg2 19. Kxg2 Qa8+ 20. Qf3 Na4 21. b3 Qxf3+ 22. Kxf3 Nc3 23. Rd7 Nd5 24. Bd4 f6 25. Nc6 Ba3 26. e4 Nb4 27. Nxb4 Bxb4 28. Rb7 Rd8 29. Be3 Rd3 30. Rxb5 Be7 31. Ke2 Rd7 32. Rb8+ Kf7 33. b4 Bd6 34. Rb6 Ke7 35. b5 Rc7 36. Kd3 Kd7 37. Ra6 Rb7 38. Ra7 Rxa7 39. Bxa7 Kc7 40. Kc4 Kb7 41. Bd4 Kc7 42. f4 Kb7 43. f5 exf5 44. exf5 Bc7 45. Kd5 g6 46. fxg6 hxg6 47. Bxf6 Kb6 48. Kc4 Kb7 49. Bd4 g5 50. Kd5 Bd8 51. Ke6 Ka8 52. Kf5 Kb7 53. Be3 1-0

[Event "FISU World University"]
[Site "Tornelo INT"]
[Date "2020.10.27"]
[Round "5.4"]
[White "Tan, Li Ting"]
[Black "Real Pereyra, Jeronimo"]
[Result "0-1"]
[WhiteElo "2087"]
[BlackElo "2130"]
[PlyCount "92"]
[EventDate "2020.10.26"]
[EventType "team-swiss (rapid)"]
[EventRounds "9"]
[EventCountry "NET"]
[SourceTitle "CBM 199 Extra"]
[Source "ChessBase"]
[SourceDate "2021.01.31"]
[SourceVersion "1"]
[SourceVersionDate "2021.01.31"]
[SourceQuality "1"]
[WhiteTeam "Malaysia"]
[BlackTeam "Mexico II"]
[WhiteTeamCountry "MAS"]
[BlackTeamCountry "MEX"]

1. d3 c5 2. c4 Nc6 3. Nc3 g6 4. g3 Bg7 5. Bg2 d6 6. Nf3 e6 7. 0-0 Nge7 8. Bd2 0-0 9. Qc1 b6 10. Bh6 Bb7 11. Bxg7 Kxg7 12. Rb1 Qd7 13. Rd1 Ne5 14. Nxe5 dxe5 15. Bxb7 Qxb7 16. b4 cxb4 17. Rxb4 Nc6 18. Rb5 Qc7 19. Qe3 f6 20. Ne4 Nd4 21. Rb2 h5 22. h4 Rac8 23. Rdb1 Nf5 24. Qd2 Nd6 25. Qe3 Nxe4 26. Qxe4 Rfd8 27. Rc2 Rd4 28. Qe3 Qd6 29. Rbc1 Rc5 30. Qf3 Qd7 31. Qa8 g5 32. hxg5 fxg5 33. Kg2 e4 34. e3 Rxd3 35. Qxe4 Qc6 36. Qxc6 Rxc6 37. Kf3 Rc5 38. Ke4 Rd7 39. f4 g4 40. Rb1 Rdc7 41. Kd3 b5 42. Rxb5 Rxb5 43. cxb5 Rxc2 44. Kxc2 h4 45. Kd3 h3 46. Kc4 h2 0-1

[Event "Kuala Lumpur Merdeka rapid op"]
[Site "Kuala Lumpur"]
[Date "2019.09.01"]
[Round "4"]
[White "Tan, Li Ting"]
[Black "Wayile, Jialade"]
[Result "1-0"]
[WhiteElo "1886"]
[BlackElo "1646"]
[PlyCount "79"]
[EventDate "2019.09.01"]
[EventType "swiss (rapid)"]
[EventRounds "7"]
[EventCountry "MAS"]
[SourceTitle "EXT 2020"]
[Source "ChessBase"]
[SourceDate "2019.10.17"]
[SourceVersion "1"]
[SourceVersionDate "2019.10.17"]
[SourceQuality "1"]

1. d4 Nf6 2. c4 c5 3. d5 b5 4. cxb5 a6 5. bxa6 d6 6. Nc3 g6 7. e4 Bxa6 8. Bxa6 Rxa6 9. Nf3 Bg7 10. Qe2 0-0 11. 0-0 Qa5 12. Bd2 Nbd7 13. Rab1 Ng4 14. a3 Rb6 15. Rfc1 Rfb8 16. Nd1 Qa4 17. Bc3 Nge5 18. Nd2 Qa6 19. Qxa6 Rxa6 20. Kf1 Nb6 21. Ke2 Na4 22. Bxe5 Bxe5 23. Nc4 Bd4 24. b4 Ra7 25. Na5 Rc7 26. Nc6 Rbc8 27. b5 Nb6 28. Nxd4 cxd4 29. Rc6 Nc4 30. a4 d3+ 31. Kxd3 Ne5+ 32. Kd4 Nxc6+ 33. dxc6 Ra7 34. Nc3 Kf8 35. b6 Ra5 36. b7 e5+ 37. Kd3 Rd8 38. c7 Raa8 39. bxa8Q Rxa8 40. Rb8+ 1-0

[Event "Asian Continental op (Women) 18th"]
[Site "Xingtai"]
[Date "2019.06.13"]
[Round "7"]
[White "Tan, Li Ting"]
[Black "Kiran, Manisha Mohanty"]
[Result "1/2-1/2"]
[WhiteElo "2066"]
[BlackElo "2090"]
[PlyCount "70"]
[EventDate "2019.06.07"]
[EventType "swiss"]
[EventRounds "9"]
[EventCountry "CHN"]
[SourceTitle "CBM 190 Extra"]
[Source "ChessBase"]
[SourceDate "2019.07.15"]
[SourceVersion "1"]
[SourceVersionDate "2019.07.15"]
[SourceQuality "1"]

1. c4 c5 2. Nf3 Nc6 3. g3 g6 4. Bg2 Bg7 5. Nc3 d6 6. 0-0 e5 7. d3 Nf6 8. Ne1 0-0 9. Nc2 Ne8 10. Ne3 Nc7 11. Ncd5 Be6 12. Rb1 Rb8 13. a3 a5 14. Bd2 f5 15. Qc1 Bxd5 16. Nxd5 Nd4 17. Qd1 Ra8 18. b4 cxb4 19. axb4 a4 20. e3 Nb3 21. Bc3 Ne6 22. Qe2 Re8 23. Qb2 Kh8 24. Rfe1 g5 25. f4 gxf4 26. gxf4 exf4 27. Nxf4 Qg5 28. Bxg7+ Qxg7 29. Qxg7+ Kxg7 30. Bxb7 Ra7 31. Bc6 Nxf4 32. Bxe8 Nxd3 33. Red1 Ne5 34. Bxa4 Nd2 35. Ra1 Kf6 1/2-1/2

[Event "Asian Continental op (Women) 18th"]
[Site "Xingtai"]
[Date "2019.06.12"]
[Round "6"]
[White "Ren, Xiaoyi"]
[Black "Tan, Li Ting"]
[Result "1-0"]
[WhiteElo "2255"]
[BlackElo "2066"]
[PlyCount "79"]
[EventDate "2019.06.07"]
[EventType "swiss"]
[EventRounds "9"]
[EventCountry "CHN"]
[SourceTitle "CBM 190 Extra"]
[Source "ChessBase"]
[SourceDate "2019.07.15"]
[SourceVersion "1"]
[SourceVersionDate "2019.07.15"]
[SourceQuality "1"]

1. d4 Nf6 2. c4 e6 3. Nc3 d5 4. Bg5 Be7 5. e3 h6 6. Bh4 0-0 7. Nf3 b6 8. Rc1 Bb7 9. Be2 dxc4 10. Bxc4 Nbd7 11. 0-0 a6 12. a4 Nd5 13. Bg3 N7f6 14. Nxd5 exd5 15. Bd3 c5 16. b3 Bd6 17. Ne5 Qe7 18. Bb1 Rfd8 19. Qd3 Qe6 20. Rfe1 Ne4 21. Bh4 g5 22. Bg3 f6 23. Nf3 Bxg3 24. hxg3 Rac8 25. Nh2 f5 26. g4 c4 27. Qe2 fxg4 28. Nxg4 cxb3 29. f3 h5 30. Ne5 Nd6 31. Qd3 Qh6 32. Qxb3 b5 33. axb5 axb5 34. Rc5 Qg7 35. Qd3 Rxc5 36. dxc5 Nc4 37. Ng6 Re8 38. f4 Re4 39. f5 d4 40. Qb3 1-0

[Event "Olympiad Women-43"]
[Site "Batumi"]
[Date "2018.10.01"]
[Round "7.30"]
[White "Tan, Li Ting"]
[Black "Nazarova, Anastasia"]
[Result "1/2-1/2"]
[WhiteElo "2054"]
[BlackElo "2029"]
[PlyCount "117"]
[EventDate "2018.09.24"]
[EventType "team-swiss"]
[EventRounds "11"]
[EventCountry "GEO"]
[SourceTitle "EXT 2020"]
[Source "ChessBase"]
[SourceDate "2019.10.17"]
[SourceVersion "1"]
[SourceVersionDate "2019.10.17"]
[SourceQuality "1"]
[WhiteTeam "Malaysia (W)"]
[BlackTeam "Finland (W)"]
[WhiteTeamCountry "MAS"]
[BlackTeamCountry "FIN"]

1. c4 e6 2. Nf3 d5 3. g3 Nf6 4. Bg2 dxc4 5. Qa4+ Bd7 6. Qxc4 c5 7. Ne5 Qc8 8. Nxd7 Qxd7 9. b3 Nc6 10. Bb2 Be7 11. 0-0 0-0 12. d3 Rac8 13. Nd2 Nd4 14. Rfe1 Rfd8 15. Rad1 Nd5 16. e3 b5 17. Qc1 Nc6 18. a3 Qe8 19. Qa1 Qf8 20. Bf1 a6 21. Rc1 Na5 22. Rc2 Nb6 23. Rec1 Ra8 24. Qa2 Ra7 25. d4 Rad7 26. dxc5 Bxc5 27. Ne4 Be7 28. Bd4 Nd5 29. b4 Nb7 30. Rc6 Ra8 31. Nc3 Nd8 32. Nxd5 Nxc6 33. Nb6 Nxd4 34. Nxd7 Qd8 35. Ne5 Nf5 36. Bg2 Rc8 37. Nc6 Qe8 38. g4 Nd6 39. Nxe7+ Qxe7 40. Rxc8+ Nxc8 41. Qc2 Qd7 42. Qe4 Nb6 43. Bf3 h6 44. h4 Qc7 45. Kg2 Nd5 46. Qd4 Qc3 47. Bxd5 Qxd4 48. exd4 exd5 49. g5 Kf8 50. gxh6 gxh6 51. Kg3 Kg7 52. Kg4 Kg6 53. Kf4 Kf6 54. Kg4 Kg6 55. h5+ Kf6 56. f4 Ke6 57. f5+ Kd6 58. Kf4 f6 59. Kf3 1/2-1/2

[Event "Olympiad Women-43"]
[Site "Batumi"]
[Date "2018.09.28"]
[Round "5.34"]
[White "Tan, Li Ting"]
[Black "Maksimovic, Masa"]
[Result "1-0"]
[WhiteElo "2054"]
[BlackElo "2130"]
[PlyCount "113"]
[EventDate "2018.09.24"]
[EventType "team-swiss"]
[EventRounds "11"]
[EventCountry "GEO"]
[SourceTitle "EXT 2020"]
[Source "ChessBase"]
[SourceDate "2019.10.17"]
[SourceVersion "1"]
[SourceVersionDate "2019.10.17"]
[SourceQuality "1"]
[WhiteTeam "Malaysia (W)"]
[BlackTeam "Bosnia&Herzegovina (W)"]
[WhiteTeamCountry "MAS"]
[BlackTeamCountry "BIH"]

1. c4 g6 2. Nf3 Bg7 3. Nc3 d6 4. g3 e5 5. d4 Nc6 6. d5 Nce7 7. Bg2 h6 8. e4 f5 9. 0-0 Nf6 10. Ne1 0-0 11. Nd3 g5 12. exf5 Bxf5 13. Re1 Qd7 14. f3 Bg6 15. Nf2 Rad8 16. Nfe4 Kh8 17. Be3 a6 18. a4 a5 19. Qd2 b6 20. Kh1 Nf5 21. Bg1 Rde8 22. Nb5 Qd8 23. b4 axb4 24. Qxb4 Nh7 25. a5 bxa5 26. Rxa5 h5 27. Ra7 Rf7 28. Qa5 Nd4 29. Nxc7 Rg8 30. Bxd4 exd4 31. Ne6 Qxa5 32. Rxa5 Bxe4 33. fxe4 Be5 34. Rf1 Rxf1+ 35. Bxf1 Nf6 36. Bd3 h4 37. Kg2 hxg3 38. hxg3 g4 39. c5 dxc5 40. Rxc5 Ra8 41. Rc6 Ra2+ 42. Kg1 Ra3 43. Nc5 Rc3 44. Kf2 Kg8 45. Re6 Rxc5 46. Rxe5 Ra5 47. Rf5 Ra2+ 48. Ke1 Kg7 49. d6 Ra3 50. e5 Nd7 51. e6 Nf6 52. Rg5+ Kf8 53. e7+ Kf7 54. Bc4+ Ke8 55. Bb5+ Kf7 56. Rf5 Rxg3 57. e8Q+ 1-0

[Event "Asia-ch Universities (Women)"]
[Site "Tagaytay City"]
[Date "2018.05.27"]
[Round "1"]
[White "Tan, Li Ting"]
[Black "Vigna Shree, T."]
[Result "1-0"]
[WhiteElo "2058"]
[BlackElo "1384"]
[PlyCount "57"]
[EventDate "2018.05.27"]
[EventType "swiss"]
[EventRounds "9"]
[EventCountry "PHI"]
[SourceTitle "CBM 184 Extra"]
[Source "ChessBase"]
[SourceDate "2018.06.28"]
[SourceVersion "1"]
[SourceVersionDate "2018.06.28"]
[SourceQuality "1"]

1. d4 e6 2. c4 d5 3. Nf3 Nf6 4. Bg5 Nbd7 5. e3 c6 6. cxd5 exd5 7. Nc3 Qa5 8. Qc2 Bb4 9. Bd3 0-0 10. 0-0 Re8 11. Rfc1 Bxc3 12. bxc3 Ne4 13. c4 h6 14. Bf4 Ndf6 15. Rab1 Ng4 16. Bg3 Nxg3 17. hxg3 dxc4 18. Qxc4 Be6 19. Qb4 Qxa2 20. Rb2 Qd5 21. Qxb7 Rec8 22. Bc4 Qd6 23. Bxe6 fxe6 24. Rbc2 a5 25. Rxc6 Rxc6 26. Qxa8+ Kh7 27. Qxc6 Qa3 28. Qe4+ Kh8 29. Rc8+ 1-0